MATLAB guide to finite elements : (Record no. 9938)

MARC details
000 -LEADER
fixed length control field 00969cam a22002774a 4500
001 - CONTROL NUMBER
control field 14698473
003 - CONTROL NUMBER IDENTIFIER
control field OSt
005 - DATE AND TIME OF LATEST TRANSACTION
control field 20211006111528.0
008 - FIXED-LENGTH DATA ELEMENTS--GENERAL INFORMATION
fixed length control field 070116s2007 gw a 001 0 eng
010 ## - LIBRARY OF CONGRESS CONTROL NUMBER
LC control number 2007920902
020 ## - INTERNATIONAL STANDARD BOOK NUMBER
International Standard Book Number 9788184897197
040 ## - CATALOGING SOURCE
Original cataloging agency DDC
Transcribing agency HU
Modifying agency DLC
050 00 - LIBRARY OF CONGRESS CALL NUMBER
Classification number TA347.F5
Item number K38 2008.
082 00 - DEWEY DECIMAL CLASSIFICATION NUMBER
Classification number 620.00151825/KAT
Edition number 22
100 1# - MAIN ENTRY--PERSONAL NAME
Personal name Kattan, Peter Issa,
Dates associated with a name 1961-
9 (RLIN) 10714
245 10 - TITLE STATEMENT
Title MATLAB guide to finite elements :
Remainder of title an interactive approach /
Statement of responsibility, etc. Peter I. Kattan.
250 ## - EDITION STATEMENT
Edition statement 2nd ed.
260 ## - PUBLICATION, DISTRIBUTION, ETC.
Place of publication, distribution, etc. Berlin ;
-- New York :
Name of publisher, distributor, etc. Springer,
Date of publication, distribution, etc. c2008.
300 ## - PHYSICAL DESCRIPTION
Extent xii, 429 p. :
Other physical details ill. ;
Dimensions 24 cm. +
Accompanying material 1 CD-ROM (4 3/4 in.)
504 ## - BIBLIOGRAPHY, ETC. NOTE
Bibliography, etc. note Includes bibliographical references (p. [403]-404) and index.
630 00 - SUBJECT ADDED ENTRY--UNIFORM TITLE
Uniform title MATLAB.
9 (RLIN) 3099
650 #0 - SUBJECT ADDED ENTRY--TOPICAL TERM
Topical term or geographic name entry element Finite element method
General subdivision Data processing.
9 (RLIN) 10715
906 ## - LOCAL DATA ELEMENT F, LDF (RLIN)
a 7
b cbc
c orignew
d 2
e epcn
f 20
g y-gencatlg
942 ## - ADDED ENTRY ELEMENTS (KOHA)
Source of classification or shelving scheme Dewey Decimal Classification
Koha item type Books like text book referance book
Suppress in OPAC No
Holdings
Withdrawn status Lost status Source of classification or shelving scheme Damaged status Not for loan Home library Current library Shelving location Date acquired Total Checkouts Full call number Barcode Date last seen Copy number Price effective from Koha item type
    Dewey Decimal Classification     Natural & Computational Science Library Natural & Computational Science Library General Stacks 10/06/2021   620.00151825/KAT NSCLIB000017255 10/06/2021 1 10/06/2021 Books like text book referance book